[Event "Talent CUP 2019 - B"]
[Site "?"]
[Date "2019.12.14"]
[Round "5.1"]
[White "Svadlenka, Michal"]
[Black "Wolak, Maciej"]
[Result "0-1"]
[WhiteElo "1165"]
[BlackElo "1195"]
[PlyCount "114"]
[EventDate "2019.??.??"]

1. e4 d5 2. exd5 Qxd5 3. Nc3 Qa5 4. d4 c6 5. Bc4 Nf6 6. Nf3 Qc7 7. O-O Bf5 8.
Ne5 e6 9. Bf4 Bd6 10. Re1 Nbd7 11. Qf3 O-O 12. Nxd7 Nxd7 13. Bxd6 Qxd6 14. Bd3
Bxd3 15. Qxd3 Nf6 16. Ne4 Qe7 17. Nxf6+ Qxf6 18. c3 Rfd8 19. Re3 c5 20. Rf3 Qe7
21. Re1 cxd4 22. cxd4 Rac8 23. h3 Qb4 24. Re2 Qxd4 25. Rd2 Qb6 26. Qe2 h6 27.
Rdd3 Rd6 28. Qe4 Rxd3 29. Qxd3 Rd8 30. Qa3 Rd1+ 31. Kh2 Qc7+ 32. Rg3 a6 33. Qf3
Rd5 34. Qe3 Rg5 35. Qc3 Qxc3 36. Rxc3 Rb5 37. b3 b6 38. f3 Rc5 39. Rxc5 bxc5
40. Kg3 Kf8 41. Kf4 Ke7 42. Ke4 Kd6 43. g3 f5+ 44. Kd3 Kd5 45. f4 e5 46. fxe5
Kxe5 47. Kc4 Kd6 48. h4 g5 49. hxg5 hxg5 50. Kd3 Kd5 51. a3 a5 52. a4 f4 53.
gxf4 gxf4 54. Kd2 Kd4 55. Ke2 Kc3 56. Kf3 Kxb3 57. Kxf4 c4 0-1

[Event "Talent CUP 2019 - B"]
[Site "?"]
[Date "2019.12.14"]
[Round "5.2"]
[White "Piatek, Szymon"]
[Black "Bandyk, Joanna"]
[Result "1/2-1/2"]
[WhiteElo "1025"]
[BlackElo "1077"]
[PlyCount "71"]
[EventDate "2019.??.??"]

1. e4 c5 2. Nf3 d6 3. d4 cxd4 4. Nxd4 Nf6 5. Nc3 a6 6. Be3 e5 7. Nf3 Qc7 8. Be2
Be7 9. Qd2 Be6 10. O-O O-O 11. Ng5 Bc4 12. Bxc4 Qxc4 13. f3 Nbd7 14. a3 Rac8
15. Rfd1 Nc5 16. Nh3 Na4 17. Nxa4 Qxa4 18. b3 Qc6 19. c4 b5 20. cxb5 Qxb5 21.
Qb4 Qxb4 22. axb4 Rb8 23. Rxa6 Rxb4 24. Rb1 d5 25. exd5 Nxd5 26. Bf2 Rfb8 27.
Kf1 g6 28. Ra5 Nc3 29. Rb2 Rxb3 30. Rxb3 Rxb3 31. Rxe5 Rb1+ 32. Re1 Rxe1+ 33.
Kxe1 Bb4 34. Kd2 Ne4+ 35. Kd3 Nd6 36. Kd4 1/2-1/2

[Event "Talent CUP 2019 - B"]
[Site "?"]
[Date "2019.12.14"]
[Round "5.3"]
[White "Janouskova, Adela"]
[Black "Barteckova, Valerie"]
[Result "1/2-1/2"]
[WhiteElo "1349"]
[BlackElo "1169"]
[PlyCount "104"]
[EventDate "2019.??.??"]

1. e4 e5 2. d4 exd4 3. Qxd4 Nc6 4. Qe3 Nf6 5. Nc3 Bb4 6. Bd2 d6 7. Nf3 Be6 8.
Bd3 d5 9. exd5 Nxd5 10. Nxd5 Bxd2+ 11. Nxd2 Qxd5 12. O-O O-O 13. f4 Rfe8 14.
Qf2 Bf5 15. Bxf5 Qxf5 16. Nb3 Re7 17. c3 Rae8 18. Rae1 Rxe1 19. Rxe1 Rxe1+ 20.
Qxe1 g6 21. g3 Kg7 22. Nd4 Nxd4 23. cxd4 Qd7 24. Qc3 Qe7 25. Kf2 Qd7 26. Qc5 b6
27. Qc3 Qd6 28. Qe3 f6 29. Qc3 h6 30. b3 a5 31. Qc4 g5 32. fxg5 hxg5 33. d5 Kg6
34. Qe4+ f5 35. Qe8+ Kg7 36. Qh5 Qc5+ 37. Ke1 Qc3+ 38. Kf2 Qd2+ 39. Kf1 Qd3+
40. Kf2 g4 41. Qg5+ Kf8 42. Qd8+ Kg7 43. Qxc7+ Kf8 44. d6 Qf3+ 45. Ke1 Qe3+ 46.
Kf1 Qf3+ 47. Ke1 Qe3+ 48. Kd1 Qd3+ 49. Kc1 Qe3+ 50. Kc2 Qe4+ 51. Kc3 Qb4+ 52.
Kd3 Qe4+ 1/2-1/2

[Event "Talent CUP 2019 - B"]
[Site "?"]
[Date "2019.12.14"]
[Round "5.4"]
[White "Svadlenka, Dominik"]
[Black "Barteckova, Denisa"]
[Result "1-0"]
[WhiteElo "1141"]
[BlackElo "1282"]
[PlyCount "51"]
[EventDate "2019.??.??"]

1. d4 d5 2. c4 Nf6 3. cxd5 Nxd5 4. e4 Nb6 5. Nc3 Nc6 6. d5 Ne5 7. f4 Bg4 8. Qc2
Ng6 9. Be3 Bd7 10. Rd1 Nc4 11. Bxc4 a6 12. a3 b5 13. Ba2 Rc8 14. Qb3 Nh4 15.
Rd2 Rb8 16. g3 Ng6 17. e5 a5 18. e6 a4 19. exd7+ Qxd7 20. Nxa4 Rc8 21. Nc5 Qd6
22. Nb7 Qa6 23. d6 Qxb7 24. Qxf7+ Kd7 25. dxe7+ Kc6 26. Qd5# 1-0

[Event "Talent CUP 2019 - B"]
[Site "?"]
[Date "2019.12.14"]
[Round "5.5"]
[White "Magdziarz, Piotr"]
[Black "Uhryn, Mateusz"]
[Result "1-0"]
[WhiteElo "1092"]
[BlackElo "1253"]
[PlyCount "119"]
[EventDate "2019.??.??"]

1. b4 d5 2. Bb2 c6 3. e3 Nf6 4. Nf3 Bg4 5. Be2 Bxf3 6. Bxf3 Nbd7 7. d3 g6 8.
Nd2 Bg7 9. O-O O-O 10. g3 Qc7 11. Bg2 e5 12. c4 Rac8 13. Rc1 Qd6 14. Qb3 Qe6
15. Rfd1 h6 16. Nf3 Nh7 17. Nd2 Nhf6 18. Re1 a6 19. cxd5 cxd5 20. a4 Rfd8 21.
b5 axb5 22. Qxb5 Kh7 23. Ba3 b6 24. Nb1 e4 25. dxe4 dxe4 26. Rxc8 Rxc8 27. Rd1
Rc6 28. Nd2 Nc5 29. Bxc5 Rxc5 30. Qb1 Re5 31. Nb3 Nd7 32. Nd4 Qc4 33. Qb3 Qxb3
34. Nxb3 Re7 35. Rd6 Be5 36. Rc6 f5 37. Bf1 Nc5 38. Nxc5 bxc5 39. Rxc5 Bg7 40.
a5 Ra7 41. a6 h5 42. Kg2 Bf8 43. Rc6 Kh6 44. f3 exf3+ 45. Kxf3 Be7 46. Bd3 Bf8
47. Bxf5 Rf7 48. Rxg6+ Kh7 49. Rf6+ Kg7 50. Rxf7+ Kxf7 51. a7 Be7 52. a8=Q h4
53. Qd5+ Kg7 54. Qe5+ Bf6 55. Qc7+ Kf8 56. Bg6 Be7 57. Qf4+ Kg7 58. Qf7+ Kh6
59. Bh5 h3 60. Qg6# 1-0

[Event "Talent CUP 2019 - B"]
[Site "?"]
[Date "2019.12.14"]
[Round "6.1"]
[White "Wolak, Maciej"]
[Black "Buchtova, Viktorie"]
[Result "0-1"]
[WhiteElo "1195"]
[BlackElo "1190"]
[PlyCount "58"]
[EventDate "2019.??.??"]

1. e4 d5 2. exd5 Nf6 3. Nc3 Nxd5 4. Nxd5 Qxd5 5. Nf3 Nc6 6. d4 Bg4 7. Be2 O-O-O
8. c3 Qe4 9. Be3 e5 10. Ng5 Bxe2 11. Qxe2 Qxg2 12. Rf1 Rd7 13. Qc4 exd4 14.
cxd4 Bb4+ 15. Kd1 h6 16. Nxf7 Rf8 17. Ne5 Nxe5 18. Qxb4 Qxf1+ 19. Kd2 Qxa1 20.
Qxf8+ Rd8 21. Qf5+ Nd7 22. Qc2 Qxa2 23. Bf4 Qa5+ 24. Ke3 Re8+ 25. Kf3 g5 26.
Bg3 Qd5+ 27. Kg4 Nf6+ 28. Kh3 g4+ 29. Kh4 Qd8 0-1

[Event "Talent CUP 2019 - B"]
[Site "?"]
[Date "2019.12.14"]
[Round "6.2"]
[White "Bandyk, Joanna"]
[Black "Svadlenka, Michal"]
[Result "1-0"]
[WhiteElo "1077"]
[BlackElo "1165"]
[PlyCount "67"]
[EventDate "2019.??.??"]

1. e4 c5 2. Nf3 d6 3. g3 Nf6 4. d3 g6 5. Bg2 Bg7 6. O-O O-O 7. e5 Nfd7 8. exd6
exd6 9. c3 Nc6 10. Be3 Nf6 11. d4 Be6 12. dxc5 dxc5 13. Bxc5 Qxd1 14. Rxd1 Rfd8
15. Nbd2 Rd5 16. Nb3 Rad8 17. Rxd5 Bxd5 18. Rd1 b6 19. Be3 Ng4 20. Bf4 Bf8 21.
Nbd4 Nxd4 22. Nxd4 Bxg2 23. Kxg2 Bh6 24. Bxh6 Nxh6 25. Re1 Kf8 26. Re3 f5 27.
Ne6+ Ke7 28. Nxd8+ Kxd8 29. h3 Kd7 30. Kf3 Nf7 31. Kf4 h6 32. g4 Nd6 33. Rd3
g5+ 34. Ke5 1-0

[Event "Talent CUP 2019 - B"]
[Site "?"]
[Date "2019.12.14"]
[Round "6.3"]
[White "Svadlenka, Dominik"]
[Black "Ziakas, Damian"]
[Result "1-0"]
[WhiteElo "1141"]
[BlackElo "1047"]
[PlyCount "117"]
[EventDate "2019.??.??"]

1. d4 d5 2. c4 dxc4 3. e3 Nf6 4. Bxc4 e6 5. Nf3 Nc6 6. O-O Be7 7. Nc3 O-O 8.
Bd2 b6 9. Rc1 Bb7 10. Qe2 a6 11. Rfd1 Bd6 12. Be1 Qe7 13. a3 Rad8 14. Bxa6 Bxa6
15. Qxa6 Ra8 16. Qe2 Rfd8 17. e4 Bf4 18. Rc2 Bh6 19. Nb5 Rac8 20. Rxc6 Qd7 21.
Rc2 c6 22. Ne5 Qb7 23. Nc3 c5 24. dxc5 Rxd1 25. Qxd1 bxc5 26. Qd3 Qc7 27. Nc4
Rd8 28. Qe2 Rc8 29. Bd2 Bxd2 30. Rxd2 e5 31. Nd5 Nxd5 32. Rxd5 Rd8 33. Qd2 Rxd5
34. Qxd5 h6 35. Qxe5 Qd8 36. Qd5 Qc7 37. Nd6 Qa5 38. Qxf7+ Kh7 39. Qf5+ Kh8 40.
Qf8+ Kh7 41. g3 Qc7 42. Nf5 Qd7 43. Qxg7+ Qxg7 44. Nxg7 Kxg7 45. f4 Kf6 46. Kf2
c4 47. Ke3 Ke6 48. Kd4 c3 49. bxc3 Kd6 50. e5+ Ke6 51. Ke4 Ke7 52. Kd5 Kd7 53.
f5 h5 54. f6 h4 55. g4 h3 56. e6+ Ke8 57. Kc6 Kd8 58. g5 Ke8 59. g6 1-0

[Event "Talent CUP 2019 - B"]
[Site "?"]
[Date "2019.12.14"]
[Round "6.4"]
[White "Magdziarz, Piotr"]
[Black "Piatek, Szymon"]
[Result "0-1"]
[WhiteElo "1092"]
[BlackElo "1025"]
[PlyCount "54"]
[EventDate "2019.??.??"]

1. b4 e5 2. Bb2 Nc6 3. b5 Nd4 4. e3 Nf5 5. Bxe5 Nf6 6. Bc4 d5 7. Bb3 Bd7 8. a4
Bc5 9. Nc3 c6 10. bxc6 bxc6 11. Nce2 O-O 12. Nf3 Re8 13. O-O Nd6 14. a5 Nb7 15.
a6 Nd6 16. d4 Nde4 17. dxc5 Nxc5 18. Bd6 Nxb3 19. cxb3 Bg4 20. Ned4 Qxd6 21. h3
Bh5 22. Nf5 Qd7 23. Ng3 Bg6 24. b4 Rab8 25. Qd4 Ne4 26. Nxe4 Rxe4 27. Ne5 Qc7
0-1

[Event "Talent CUP 2019 - B"]
[Site "?"]
[Date "2019.12.14"]
[Round "6.5"]
[White "Uhryn, Lukasz"]
[Black "Janouskova, Adela"]
[Result "1-0"]
[WhiteElo "1117"]
[BlackElo "1349"]
[PlyCount "57"]
[EventDate "2019.??.??"]

1. e4 c5 2. Nf3 Nc6 3. d4 cxd4 4. Nxd4 Nf6 5. Nc3 e5 6. Nxc6 bxc6 7. Bg5 h6 8.
Bh4 Bb4 9. Bc4 Qa5 10. Qd3 d5 11. exd5 cxd5 12. Bxf6 dxc4 13. Qxc4 Bd7 14. O-O
gxf6 15. Nd5 Bd6 16. Nxf6+ Ke7 17. Nxd7 Kxd7 18. Qxf7+ Kc6 19. Qc4+ Kd7 20.
Rad1 Ke7 21. Qh4+ Ke6 22. Qg4+ Ke7 23. Qg7+ Ke6 24. Qg6+ Ke7 25. Qxd6+ Kf7 26.
Qd7+ Kg6 27. Rd6+ Kg5 28. Qg7+ Kh5 29. Qg6+ 1-0

[Event "Talent CUP 2019 - B"]
[Site "?"]
[Date "2019.12.14"]
[Round "7.1"]
[White "Piatek, Szymon"]
[Black "Wolak, Maciej"]
[Result "0-1"]
[WhiteElo "1025"]
[BlackElo "1195"]
[PlyCount "90"]
[EventDate "2019.??.??"]

1. e4 d5 2. exd5 Qxd5 3. Nc3 Qa5 4. d4 c6 5. Nf3 Qc7 6. Bc4 Nf6 7. Bg5 h6 8.
Bh4 Bf5 9. O-O Nbd7 10. Re1 e6 11. Qe2 Bd6 12. Bg3 Bxg3 13. fxg3 O-O 14. Ne5
Qb6 15. Nxd7 Qxd4+ 16. Kh1 Qxd7 17. Bb3 Rad8 18. Rad1 Qc7 19. Qe3 a6 20. a3 Rd7
21. Rxd7 Nxd7 22. Qd4 Nf6 23. Rd1 Nd5 24. Nxd5 cxd5 25. c3 Rc8 26. Kg1 Qc5 27.
Kf2 Qxd4+ 28. Rxd4 Rc5 29. a4 Kf8 30. Rb4 b5 31. Ke3 Ke7 32. Kd4 Kd6 33. h3 Be4
34. Bd1 Bxg2 35. Be2 Bxh3 36. axb5 axb5 37. Bxb5 g5 38. Ba4 e5+ 39. Kd3 Bf1+
40. Ke3 Rc4 41. Rxc4 Bxc4 42. b4 f5 43. Bc2 f4+ 44. gxf4 gxf4+ 45. Kf3 h5 0-1

[Event "Talent CUP 2019 - B"]
[Site "?"]
[Date "2019.12.14"]
[Round "7.2"]
[White "Buchtova, Viktorie"]
[Black "Svadlenka, Dominik"]
[Result "1-0"]
[WhiteElo "1190"]
[BlackElo "1141"]
[PlyCount "133"]
[EventDate "2019.??.??"]

1. e4 c5 2. Nf3 d6 3. d4 cxd4 4. Nxd4 Nf6 5. Nc3 g6 6. Bc4 Bg7 7. O-O O-O 8.
Bg5 Nc6 9. Re1 Qb6 10. Nxc6 bxc6 11. Bb3 Ng4 12. Qf3 Nf6 13. Rad1 Bg4 14. Qd3
Bxd1 15. Rxd1 Rfd8 16. Qc4 Rf8 17. Re1 Qc5 18. Qxc5 dxc5 19. e5 Nd7 20. f4 Nb6
21. Bxe7 Rfe8 22. Bxc5 g5 23. Rf1 Nd7 24. Bd4 c5 25. Be3 gxf4 26. Rxf4 c4 27.
Bxc4 Nxe5 28. Bd5 Rad8 29. Bxa7 Bh6 30. Rh4 Bd2 31. Ne4 Kg7 32. Nxd2 Rxd5 33.
Bd4 f6 34. c4 Ng6 35. Rg4 h5 36. Rxg6+ Kxg6 37. cxd5 Rd8 38. Ne4 Rxd5 39. Bc3
f5 40. Nf6 Rd1+ 41. Kf2 Rd6 42. Kg3 Rc6 43. Kf4 Rc4+ 44. Ke3 Rh4 45. h3 Ra4 46.
a3 Kg5 47. Nd5 f4+ 48. Kf3 Kf5 49. g4+ fxg3 50. Kxg3 h4+ 51. Kf3 Ra7 52. Ne3+
Kg5 53. Ng2 Rf7+ 54. Ke3 Re7+ 55. Kd3 Re8 56. Be1 Rd8+ 57. Kc3 Rc8+ 58. Kb3 Re8
59. Bxh4+ Kh5 60. Bf6 Rf8 61. Be5 Re8 62. Bc3 Rg8 63. Nf4+ Kg5 64. Bd2 Kh4 65.
a4 Rd8 66. Bb4 Rd4 67. Be7+ 1-0

[Event "Talent CUP 2019 - B"]
[Site "?"]
[Date "2019.12.14"]
[Round "7.3"]
[White "Barteckova, Valerie"]
[Black "Bandyk, Joanna"]
[Result "0-1"]
[WhiteElo "1169"]
[BlackElo "1077"]
[PlyCount "90"]
[EventDate "2019.??.??"]

1. e4 c5 2. c3 Nf6 3. Bd3 Nc6 4. Bc2 d5 5. exd5 Qxd5 6. Nf3 Ne5 7. d4 Nxf3+ 8.
gxf3 e5 9. Be3 Ng4 10. Be4 Nxe3 11. fxe3 Qe6 12. Qe2 exd4 13. cxd4 cxd4 14.
exd4 Bd6 15. Nc3 Rb8 16. Rg1 g6 17. Rg5 O-O 18. Nb5 Qf6 19. Rg4 Bxg4 20. fxg4
Bb4+ 21. Kd1 a6 22. Nc7 Qxd4+ 23. Bd3 Qg1+ 24. Kc2 Qxa1 25. Qe4 Qe1 26. Qf4
Rfd8 27. Qf3 Qd2+ 28. Kb1 Qxd3+ 29. Qxd3 Rxd3 30. Kc1 Rd2 31. a3 Rxh2 32. Kb1
Bc3 33. bxc3 Rd8 34. Kc1 Rdd2 35. Nd5 Rdg2 36. Ne3 Rg1+ 37. Nd1 Rhh1 38. Kc2
Rxd1 39. Kb3 Rh4 40. a4 Rxg4 41. c4 a5 42. c5 Rd3+ 43. Kc2 Rh3 44. c6 Rg2+ 45.
Kd1 Rh1# 0-1

[Event "Talent CUP 2019 - B"]
[Site "?"]
[Date "2019.12.14"]
[Round "7.4"]
[White "Teply Koutsky, David"]
[Black "Uhryn, Lukasz"]
[Result "1-0"]
[WhiteElo "1507"]
[BlackElo "1117"]
[PlyCount "89"]
[EventDate "2019.??.??"]

1. d4 c5 2. d5 e5 3. c4 d6 4. e4 Be7 5. Nc3 Bg5 6. Nf3 Bxc1 7. Rxc1 Nf6 8. Be2
O-O 9. h3 a6 10. a3 Nbd7 11. O-O Re8 12. Qc2 Nf8 13. b4 cxb4 14. axb4 Bd7 15.
Nd2 Rc8 16. Nb3 Ng6 17. c5 dxc5 18. bxc5 Nf4 19. Bf3 a5 20. Ra1 Ra8 21. Na4 Bb5
22. Rfd1 Qc7 23. Kh2 h6 24. g3 Bxa4 25. Rxa4 Qd7 26. Rxa5 Qxh3+ 27. Kg1 Ng4 28.
Rxa8 Qh2+ 29. Kf1 Ne3+ 30. fxe3 Qxc2 31. Rxe8+ Kh7 32. exf4 Qxb3 33. Kf2 exf4
34. gxf4 Qc2+ 35. Kg3 Qa4 36. Re7 Qa3 37. d6 h5 38. d7 h4+ 39. Kg4 f5+ 40. exf5
h3 41. d8=Q Qxc5 42. Re8 Qxf5+ 43. Kxf5 g6+ 44. Kg5 h2 45. Rd7# 1-0

[Event "Talent CUP 2019 - B"]
[Site "?"]
[Date "2019.12.14"]
[Round "7.5"]
[White "Siles, Jan"]
[Black "Magdziarz, Piotr"]
[Result "1-0"]
[WhiteElo "1295"]
[BlackElo "1092"]
[PlyCount "41"]
[EventDate "2019.??.??"]

1. d4 d5 2. e3 Nf6 3. Bd3 e6 4. f4 c5 5. c3 Nc6 6. Nf3 c4 7. Bc2 Be7 8. O-O O-O
9. Nbd2 Ng4 10. Qe2 Nh6 11. Ne5 Nxe5 12. fxe5 Bg5 13. Nf3 Nf5 14. Nxg5 Qxg5 15.
e4 Nxd4 16. cxd4 Qd8 17. exd5 Qxd5 18. Qg4 f5 19. exf6 g6 20. Bxg6 Qd7 21. Be8+
1-0

[Event "Talent CUP 2019 - B"]
[Site "?"]
[Date "2019.12.15"]
[Round "8.1"]
[White "Wolak, Maciej"]
[Black "Bandyk, Joanna"]
[Result "1-0"]
[WhiteElo "1195"]
[BlackElo "1077"]
[PlyCount "117"]
[EventDate "2019.??.??"]

1. e4 c5 2. Nf3 g6 3. c4 Bg7 4. d4 cxd4 5. Nxd4 b6 6. Be3 Nf6 7. Nc3 Bb7 8. Bd3
Nc6 9. O-O O-O 10. Re1 Ne5 11. f3 Nxd3 12. Qxd3 d6 13. Rac1 Rc8 14. b3 Nd7 15.
Qd2 Ne5 16. Rcd1 Nc6 17. Nxc6 Bxc6 18. Bd4 f6 19. Be3 f5 20. Bh6 fxe4 21. Bxg7
Kxg7 22. Nxe4 Bxe4 23. Rxe4 Rc5 24. Qd4+ Kg8 25. Rde1 e5 26. Qd2 d5 27. cxd5
Rxd5 28. Qc3 Rc5 29. Qb2 Rd5 30. Rxe5 Rd2 31. Qc3 Qd4+ 32. Qxd4 Rxd4 33. Re7
Rf7 34. Rxf7 Kxf7 35. Rc1 Ke7 36. Rc7+ Rd7 37. Rxd7+ Kxd7 38. Kf2 Ke6 39. Ke3
Ke5 40. f4+ Kf5 41. h3 g5 42. g4+ Kf6 43. a3 gxf4+ 44. Kxf4 Kg6 45. h4 h6 46.
h5+ Kg7 47. Ke5 Kf7 48. Kf5 Kg7 49. Ke6 Kg8 50. Kf6 Kh7 51. Kf7 a6 52. Kf6 Kg8
53. Kg6 Kf8 54. Kxh6 Kf7 55. g5 Kg8 56. Kg6 Kf8 57. Kh7 Kf7 58. g6+ Kf6 59. g7
1-0

[Event "Talent CUP 2019 - B"]
[Site "?"]
[Date "2019.12.15"]
[Round "8.2"]
[White "Siles, Jan"]
[Black "Buchtova, Viktorie"]
[Result "1-0"]
[WhiteElo "1295"]
[BlackElo "1190"]
[PlyCount "121"]
[EventDate "2019.??.??"]

1. d4 Nf6 2. Bg5 e6 3. e3 d5 4. Bd3 c5 5. c3 Nc6 6. f4 Be7 7. Nf3 O-O 8. O-O
Re8 9. Ne5 Nd7 10. Bxh7+ Kf8 11. Qh5 Ncxe5 12. fxe5 Bf6 13. exf6 gxf6 14. Qh6+
Ke7 15. Bxf6+ Nxf6 16. Qxf6+ Kd7 17. Qxd8+ Kxd8 18. Rxf7 c4 19. Bc2 e5 20. Ba4
Re6 21. Rf8+ Ke7 22. Re8+ Kd6 23. Rxe6+ Bxe6 24. Nd2 e4 25. Nf1 Rg8 26. Ng3 Rg5
27. Rf1 Ke7 28. Bc2 Bg4 29. Nxe4 dxe4 30. Bxe4 b6 31. Bf3 Bh3 32. e4 Ke6 33.
Kh1 Bg4 34. Bxg4+ Rxg4 35. e5 Re4 36. Rd1 Kd5 37. Kg1 Re2 38. b3 cxb3 39. axb3
a5 40. c4+ Kc6 41. d5+ Kd7 42. e6+ Kd6 43. Rf1 Re3 44. Rf7 Rxb3 45. Rd7+ Kc5
46. Kf2 Rb2+ 47. Ke3 Rb3+ 48. Ke4 Rb1 49. e7 a4 50. Ra7 Kxc4 51. Rxa4+ Kc5 52.
Kf5 Rf1+ 53. Ke5 Rd1 54. e8=Q Rxd5+ 55. Ke4 b5 56. Qc8+ Kd6 57. Ra6+ Ke7 58.
Kxd5 b4 59. Qe6+ Kd8 60. Kd6 b3 61. Qd7# 1-0

[Event "Talent CUP 2019 - B"]
[Site "?"]
[Date "2019.12.15"]
[Round "8.3"]
[White "Uhryn, Mateusz"]
[Black "Teply Koutsky, David"]
[Result "1/2-1/2"]
[WhiteElo "1253"]
[BlackElo "1507"]
[PlyCount "56"]
[EventDate "2019.??.??"]

1. f4 e6 2. Nf3 d5 3. b3 Nf6 4. Bb2 Bc5 5. e3 Nbd7 6. d4 Be7 7. Bd3 b6 8. Nbd2
c5 9. O-O O-O 10. Kh1 Bb7 11. Qe2 Qc7 12. c4 Qd8 13. Rac1 Rc8 14. e4 dxe4 15.
Nxe4 Nxe4 16. Bxe4 Bxe4 17. Qxe4 cxd4 18. Nxd4 Nc5 19. Qe3 Bf6 20. Rcd1 Qe7 21.
Ba1 Rfe8 22. Nf3 Bxa1 23. Rxa1 Red8 24. Rad1 Rxd1 25. Rxd1 Rd8 26. Rxd8+ Qxd8
27. h3 Qd6 28. Qd4 Qc7 1/2-1/2

[Event "Talent CUP 2019 - B"]
[Site "?"]
[Date "2019.12.15"]
[Round "8.4"]
[White "Svadlenka, Dominik"]
[Black "Piatek, Szymon"]
[Result "1-0"]
[WhiteElo "1141"]
[BlackElo "1025"]
[PlyCount "59"]
[EventDate "2019.??.??"]

1. d4 Nf6 2. c4 g6 3. Nc3 Bg7 4. e4 d6 5. Nf3 Bg4 6. Be2 O-O 7. h3 Bxf3 8. Bxf3
Nbd7 9. Be3 Rc8 10. O-O c5 11. d5 Nb6 12. Be2 Qd7 13. Rc1 Rfe8 14. Qd2 e6 15.
dxe6 Qxe6 16. f3 Red8 17. Rfd1 Nxc4 18. Bxc4 Qxc4 19. Nd5 Nxe4 20. Rxc4 Nxd2
21. Rxd2 Re8 22. Kf1 Rcd8 23. Bg5 Rd7 24. Bf6 Re6 25. Bg5 f6 26. Bh4 Kf7 27.
Re2 Rxe2 28. Kxe2 Ke6 29. Nf4+ Ke5 30. Re4+ 1-0

[Event "Talent CUP 2019 - B"]
[Site "?"]
[Date "2019.12.15"]
[Round "8.5"]
[White "Barteckova, Valerie"]
[Black "Horkova, Tereza"]
[Result "1-0"]
[WhiteElo "1169"]
[BlackElo "1327"]
[PlyCount "47"]
[EventDate "2019.??.??"]

1. e4 e5 2. Nf3 Nc6 3. Bb5 Nf6 4. O-O Bc5 5. Re1 d6 6. c3 O-O 7. h3 a6 8. Ba4
b5 9. Bc2 Re8 10. d4 exd4 11. cxd4 Bb4 12. Nc3 Bb7 13. Bg5 h6 14. Bh4 g5 15.
Bg3 Nh5 16. Qd3 Nxg3 17. fxg3 Ne7 18. e5 Ng6 19. Rf1 Qe7 20. Rae1 Rad8 21. Bb3
dxe5 22. Qxg6+ Kh8 23. Qxh6+ Kg8 24. Nxg5 1-0

[Event "Talent CUP 2019 - B"]
[Site "?"]
[Date "2019.12.15"]
[Round "9.1"]
[White "Wolak, Maciej"]
[Black "Siles, Jan"]
[Result "1/2-1/2"]
[WhiteElo "1195"]
[BlackElo "1295"]
[PlyCount "102"]
[EventDate "2019.??.??"]

1. e4 c5 2. Nf3 Nc6 3. d4 cxd4 4. Nxd4 g6 5. c4 Bg7 6. Be3 d6 7. Nc3 Nf6 8. h3
O-O 9. Be2 Bd7 10. O-O Rc8 11. Rc1 Ne5 12. b3 Bc6 13. f3 a6 14. Qd2 Re8 15. Bh6
Bh8 16. Rfd1 Qb6 17. Be3 Qc7 18. Rc2 Ned7 19. Rcc1 Ne5 20. Rc2 Bg7 21. Rcc1
Red8 22. Nd5 Bxd5 23. exd5 Ned7 24. Bh6 Qc5 25. Be3 Qc7 26. Bh6 Qb6 27. Be3 Re8
28. Ne6 Nc5 29. Nxg7 Kxg7 30. b4 Nfd7 31. bxc5 Nxc5 32. Bh6+ Kg8 33. Qd4 f6 34.
Qe3 Qb2 35. Qd2 Qb6 36. Be3 Qc7 37. Rb1 Kf7 38. Qb4 Rb8 39. Bxc5 dxc5 40. Qb6
Qc8 41. Bd3 Rd8 42. Re1 Rd6 43. Qb2 b6 44. Qe2 Rb7 45. Bc2 Qb8 46. Rb3 Qa7 47.
Re3 b5 48. Re6 Rbd7 49. Rxd6 Rxd6 50. cxb5 c4+ 51. Kh1 axb5 1/2-1/2

[Event "Talent CUP 2019 - B"]
[Site "?"]
[Date "2019.12.15"]
[Round "9.2"]
[White "Bandyk, Joanna"]
[Black "Svadlenka, Dominik"]
[Result "0-1"]
[WhiteElo "1077"]
[BlackElo "1141"]
[PlyCount "120"]
[EventDate "2019.??.??"]

1. e4 c5 2. Nf3 d6 3. g3 Nf6 4. d3 Nc6 5. Bg2 Bg4 6. O-O Ne5 7. Nbd2 Nxf3+ 8.
Nxf3 g6 9. Re1 Qc7 10. c3 Bg7 11. d4 cxd4 12. cxd4 Rd8 13. Bd2 O-O 14. Rc1 Qd7
15. h3 Bxh3 16. Bxh3 Qxh3 17. Ng5 Qd7 18. Kg2 b6 19. Qb3 Qb7 20. f3 h6 21. Nh3
Rc8 22. e5 dxe5 23. dxe5 Qd5 24. Qxd5 Nxd5 25. Nf4 Nxf4+ 26. Bxf4 Rxc1 27. Bxc1
e6 28. b3 Rc8 29. a3 Bxe5 30. Bxh6 Rc2+ 31. Kh3 Bg7 32. Bf4 Rc3 33. Re3 Rxe3
34. Bxe3 Bb2 35. a4 Kf8 36. Kg4 Ke7 37. Kf4 Kd6 38. Ke4 Kc6 39. g4 a5 40. Kd3
Ba3 41. Kc4 Bc5 42. Bf4 f6 43. Bh6 f5 44. gxf5 gxf5 45. Bf4 Bd6 46. Be3 e5 47.
Kd3 Bc5 48. f4 Bxe3 49. Kxe3 e4 50. Kd4 Kd6 51. Kc4 Ke6 52. Kd4 Kf6 53. Ke3 Kg6
54. Kf2 Kh5 55. Kg3 e3 56. Kf3 Kh4 57. Kxe3 Kg4 58. Ke2 Kxf4 59. Kf2 Ke4 60.
Ke2 Kd4 0-1

[Event "Talent CUP 2019 - B"]
[Site "?"]
[Date "2019.12.15"]
[Round "9.3"]
[White "Buchtova, Viktorie"]
[Black "Uhryn, Mateusz"]
[Result "0-1"]
[WhiteElo "1190"]
[BlackElo "1253"]
[PlyCount "80"]
[EventDate "2019.??.??"]

1. e4 c5 2. Nf3 Nc6 3. d4 cxd4 4. Nxd4 g6 5. Nc3 Bg7 6. Nxc6 bxc6 7. Bd3 d6 8.
O-O Nf6 9. Re1 O-O 10. Bg5 Rb8 11. Rb1 Be6 12. a3 h6 13. Be3 Qd7 14. Qf3 Bg4
15. Qg3 Nh5 16. Qh4 Bf6 17. Bxa7 Bxh4 18. Bxb8 Rxb8 19. e5 Nf4 20. g3 Nxd3 21.
cxd3 Bh3 22. Re4 Qf5 23. Rxh4 g5 24. Rxh6 Kg7 25. Rxh3 Qxh3 26. exd6 exd6 27.
Ne4 Rh8 28. Re1 Qxh2+ 29. Kf1 Qh3+ 30. Ke2 Qe6 31. Kd2 Re8 32. Re3 Qd7 33. a4
f5 34. Nxg5 Rxe3 35. fxe3 d5 36. a5 Qd6 37. a6 Qb4+ 38. Ke2 Qxb2+ 39. Kf3 Qb1
40. a7 Qf1# 0-1

[Event "Talent CUP 2019 - B"]
[Site "?"]
[Date "2019.12.15"]
[Round "9.4"]
[White "Teply Koutsky, David"]
[Black "Cerven, Samuel"]
[Result "1-0"]
[WhiteElo "1507"]
[BlackElo "1312"]
[PlyCount "51"]
[EventDate "2019.??.??"]

1. d4 d5 2. c4 c6 3. Nc3 Nf6 4. cxd5 cxd5 5. Bg5 e6 6. e3 Be7 7. Bd3 Nbd7 8.
Nge2 b6 9. O-O Bb7 10. Rc1 O-O 11. Bf4 Nh5 12. Qd2 f5 13. Nb5 Nxf4 14. Nxf4 Rf6
15. Nc7 Rb8 16. Nfxe6 Rxe6 17. Nxe6 Qe8 18. Bxf5 Qf7 19. Bh3 Nf6 20. Qe2 Ne4
21. Nc7 Qg6 22. Be6+ Kh8 23. Bxd5 Bxd5 24. Nxd5 Bd6 25. Qc2 Qg4 26. f3 1-0

[Event "Talent CUP 2019 - B"]
[Site "?"]
[Date "2019.12.15"]
[Round "9.5"]
[White "Zrubek, Dan"]
[Black "Barteckova, Valerie"]
[Result "1/2-1/2"]
[WhiteElo "1148"]
[BlackElo "1169"]
[PlyCount "85"]
[EventDate "2019.??.??"]

1. e4 e5 2. Nf3 Nc6 3. Bb5 a6 4. Ba4 Nf6 5. O-O Nxe4 6. Re1 Nf6 7. Nxe5 Be7 8.
c3 O-O 9. d4 b5 10. Bc2 Bb7 11. Nd2 Re8 12. Nf1 d5 13. a4 Nd7 14. f4 Bf8 15.
Qd3 g6 16. axb5 Ncxe5 17. fxe5 a5 18. Ng3 f6 19. e6 Ra7 20. Bf4 Nb6 21. b3 Bc8
22. c4 Bb4 23. Re2 Bxe6 24. c5 Nd7 25. Bd2 Bxd2 26. Qxd2 Qa8 27. Rae1 Kf7 28.
Re3 Nf8 29. Qe2 Qc8 30. Kh1 Ra8 31. h3 h5 32. Nxh5 gxh5 33. Qxh5+ Ke7 34. Qxd5
Rd8 35. Qc4 Kf7 36. Qc3 Qd7 37. Be4 Ra7 38. Rd1 Bd5 39. Bxd5+ Qxd5 40. Red3 Ne6
41. Qd2 a4 42. b6 cxb6 43. cxb6 1/2-1/2

[Event "Talent CUP 2019 - C"]
[Site "?"]
[Date "2019.12.14"]
[Round "4.1"]
[White "Lecki, Leonard"]
[Black "Mrazek, Matous"]
[Result "1-0"]
[WhiteElo "1085"]
[BlackElo "1224"]
[PlyCount "37"]
[EventDate "2019.??.??"]

1. e4 e5 2. Nc3 Bb4 3. Bc4 Nf6 4. Nge2 O-O 5. O-O Bxc3 6. Nxc3 Nc6 7. d3 Na5 8.
Bb3 Nxb3 9. axb3 d5 10. Bg5 h6 11. Bxf6 Qxf6 12. Nxd5 Qg6 13. Ne7+ Kh8 14.
Nxg6+ fxg6 15. Qd2 b6 16. Qc3 Rf7 17. Qc6 Rb8 18. Qe8+ Kh7 19. Qxf7 1-0

[Event "Talent CUP 2019 - C"]
[Site "?"]
[Date "2019.12.14"]
[Round "5.1"]
[White "Milek, Tobias"]
[Black "Lecki, Leonard"]
[Result "0-1"]
[WhiteElo "1196"]
[BlackElo "1085"]
[PlyCount "94"]
[EventDate "2019.??.??"]

1. e4 e6 2. d4 d5 3. e5 c5 4. Nc3 cxd4 5. Qxd4 Nc6 6. Bb5 Bd7 7. Bxc6 bxc6 8.
b3 Ne7 9. Bb2 Nf5 10. Qg4 Be7 11. O-O-O O-O 12. Nf3 Qa5 13. Ng5 Bb4 14. Qh3 h6
15. Nge4 Rfd8 16. Nd2 d4 17. Na4 c5 18. Nc4 Qa6 19. a3 Bxa4 20. axb4 cxb4 21.
bxa4 Qxc4 22. Qf3 Rac8 23. Qe4 b3 24. Rd2 Rc7 25. Re1 Rdc8 26. Ree2 Rd7 27. g4
Ne7 28. c3 dxc3 29. Qxc4 cxd2+ 30. Rxd2 Rxc4+ 31. Kd1 Rxd2+ 32. Kxd2 Rc2+ 33.
Kd1 Rxb2 34. Kc1 Rxf2 35. g5 Kf8 36. gxh6 gxh6 37. a5 Nd5 38. a6 Ne3 39. h4 Ke7
40. h5 Kd7 41. Kb1 Kc6 42. Kc1 Kc5 43. Kb1 Kc4 44. Kc1 Kc3 45. Kb1 b2 46. Ka2
Nc4 47. Kb1 Rf1+ 0-1